|
|
|
|
| LEADER |
01888nam a2200433 i 4500 |
| 001 |
EBC4709257 |
| 003 |
MiAaPQ |
| 005 |
20200917021826.0 |
| 006 |
m o d | |
| 007 |
cr cnu|||||||| |
| 008 |
161019t20172017ja ob 001 0 eng d |
| 020 |
|
|
|z 9784431556329
|
| 020 |
|
|
|a 9784431556336 (e-book)
|
| 035 |
|
|
|a (MiAaPQ)EBC4709257
|
| 035 |
|
|
|a (Au-PeEL)EBL4709257
|
| 035 |
|
|
|a (CaPaEBR)ebr11275884
|
| 035 |
|
|
|a (CaONFJC)MIL961711
|
| 035 |
|
|
|a (OCoLC)962148392
|
| 040 |
|
|
|a MiAaPQ
|b eng
|e rda
|e pn
|c MiAaPQ
|d MiAaPQ
|
| 050 |
|
4 |
|a HD2757.3
|b .T446 2017
|
| 082 |
0 |
|
|a 338.82
|2 23
|
| 245 |
0 |
4 |
|a The theory of mixed oligopoly :
|b privatization, transboundary activities, and their applications /
|c Mitsuyoshi Yanagihara, Minoru Kunizaki, editors.
|
| 264 |
|
1 |
|a Japan :
|b Springer,
|c 2017.
|
| 264 |
|
4 |
|c 2017
|
| 300 |
|
|
|a 1 online resource (208 pages).
|
| 336 |
|
|
|a text
|2 rdacontent
|
| 337 |
|
|
|a computer
|2 rdamedia
|
| 338 |
|
|
|a online resource
|2 rdacarrier
|
| 490 |
0 |
|
|a New Frontiers in Regional Science: Asian Perspectives,
|x 2199-5982
|
| 504 |
|
|
|a Includes bibliographical references at the end of each chapters and index.
|
| 588 |
|
|
|a Description based on print version record.
|
| 590 |
|
|
|a Electronic reproduction. Ann Arbor, MI : ProQuest, 2016. Available via World Wide Web. Access may be limited to ProQuest affiliated libraries.
|
| 650 |
|
0 |
|a Oligopolies.
|
| 655 |
|
4 |
|a Electronic books.
|
| 700 |
1 |
|
|a Yanagihara, Mitsuyoshi,
|e editor.
|
| 700 |
1 |
|
|a Kunizaki, Minoru,
|e editor.
|
| 776 |
0 |
8 |
|i Print version:
|t Theory of mixed oligopoly : privatization, transboundary activities, and their applications.
|d Japan : Springer, 2017
|h 208 pages
|k New Frontiers in Regional Science: Asian Perspectives
|z 9784431556329
|w 2016952627
|
| 797 |
2 |
|
|a ProQuest (Firm)
|
| 856 |
4 |
0 |
|u https://ebookcentral.proquest.com/lib/matrademy/detail.action?docID=4709257
|z Click to View
|